Statistics for Tyler, The Creator Discography

Click here to take the quiz!

General Stats

  • This quiz has been taken 262 times
  • The average score is 41 of 75

Answer Stats

HintAnswer% Correct
IGOREARFQUAKE
91%
IGORIGOR'S THEME
90%
IGORA BOY IS A GUN
81%
IGORNEW MAGIC WAND
81%
Flower BoySee You Again
81%
GoblinShe
81%
IGORARE WE STILL FRIENDS?
80%
IGORGONE, GONE / THANK YOU
80%
IGORI THINK
80%
WolfWOLF
77%
GoblinYonkers
77%
Flower Boy911 / Mr. Lonely
76%
IGORPUPPET
75%
Cherry BombRUN
75%
GoblinGoblin
73%
IGORRUNNING OUT OF TIME
73%
IGORWHAT'S GOOD
72%
Cherry BombCHERRY BOMB
71%
IGORI DON'T LOVE YOU ANYMORE
71%
Flower BoyWho Dat Boy
70%
Flower BoyBoredom
69%
Cherry BombSMUCKERS
66%
WolfAnswer
64%
Flower BoyGarden Shed
64%
Flower BoyWhere This Flower Blooms
64%
Cherry BombFUCKING YOUNG / PERFECT
63%
Flower BoyGlitter
63%
Flower BoyNovember
62%
Flower BoyPothole
62%
IGOREXACTLY WHAT YOU RUN FROM YOU END UP CHASING
61%
WolfIFHY
60%
WolfTamale
59%
Wolf48
56%
Cherry BombDEATHCAMP
56%
Flower BoyForeword
56%
GoblinHer
54%
GoblinTron Cat
54%
Flower BoyDroppin' Seeds
53%
Flower BoyI Ain't Got Time!
53%
Flower BoySometimes...
53%
WolfPartyIsntOver / Campfire / Bimmer
51%
WolfColossus
50%
WolfDomo23
49%
Flower BoyEnjoy Right Now, Today
49%
Cherry Bomb2SEATER
48%
WolfAwkward
48%
Cherry BombFIND YOUR WINGS
48%
WolfJamba
48%
GoblinRadicals
48%
WolfPigs
45%
Cherry BombBUFFALO
43%
GoblinFish
43%
WolfLone
43%
WolfCowboy
42%
Cherry BombPILOT
42%
WolfRusty
42%
Cherry BombOKAGA, CA
41%
Cherry BombBLOW MY LOAD
40%
WolfSlater
39%
WolfTreehome95
39%
GoblinTransylvania
37%
WolfParking Lot
35%
WolfTrashwang
35%
GoblinGolden
34%
GoblinAU79
33%
GoblinSandwitches
33%
GoblinNightmare
32%
GoblinAnalog
30%
GoblinBurger
29%
GoblinSteak Sauce
28%
GoblinBitch Suck Dick
27%
GoblinWindow
26%
GoblinUntitled 63
24%
Cherry BombTHE BROWN STAINS OF DARKEESE LATIFAH PART 6-12
17%
Cherry BombKEEP DO O'S
1%

Score Distribution

Percentile by Number Answered

Percent of People with Each Score

Your Score History

You have not taken this quiz